Normale Ansicht MARC-Ansicht ISBD

Intelligencija v kul'ture krupnogo sibirskogo goroda v 1920-e gody : (Titelsatznr. 17209)

[ MARC ]
MARC-Details
000 -Satzkennung
Kontrollfeld mit fester Länge 00768nam a22002771c 4500
001 - Kontrollnummer
Kontrollfeld a987662829
008 - Feld mit fester Länge zur physischen Beschreibung - Allgemeine Angaben
Kontrollfeld mit fester Länge 090202s2003 gw |||| 000u rus d
041 ## - Sprachcode
Sprachcode des Textes/der Tonspur oder des separaten Titels rus
040 ## - Katalogisierungsquelle
Übertragungsstelle RU-10907106
003 - Kontrollnummer Identifier
Kontrollfeld RU-10907106
100 1# - Haupteintragung - Personenname
Personenname Ryženko, V. G.
245 00 - Titel
Titel Intelligencija v kul'ture krupnogo sibirskogo goroda v 1920-e gody :
Zusatz zum Titel voprosy teorii, istorii, istoriografii, metodov issledovanija
264 ## - Produktion, Veröffentlichung, Distribution, Herstellung und Urheberrechtsvermerk
Herstellungs-, Veröffentlichungs- Vertriebs-, Erzeugungsort Ekaterinburg [u.a.],
Datum der Herstellung, der Veröffentlichung, des Vertriebs oder des Urheberschutzvermerks 2003
300 ## - Physische Beschreibung
Umfang 369 S.
650 #0 - Nebeneintragung unter einem Schlagwort - Sachschlagwort
Sachschlagwort oder geografischer Name als Eintragungselement Bildungswesen
650 #0 - Nebeneintragung unter einem Schlagwort - Sachschlagwort
Sachschlagwort oder geografischer Name als Eintragungselement Wissenschaft
650 #0 - Nebeneintragung unter einem Schlagwort - Sachschlagwort
Sachschlagwort oder geografischer Name als Eintragungselement Universität
650 #0 - Nebeneintragung unter einem Schlagwort - Sachschlagwort
Sachschlagwort oder geografischer Name als Eintragungselement Gesellschaft
650 #0 - Nebeneintragung unter einem Schlagwort - Sachschlagwort
Sachschlagwort oder geografischer Name als Eintragungselement Stadt
650 #0 - Nebeneintragung unter einem Schlagwort - Sachschlagwort
Sachschlagwort oder geografischer Name als Eintragungselement Öffentlichkeit
651 #0 - Nebeneintragung unter einem Schlagwort - Geografischer Name
Geografischer Name Omsk
651 #0 - Nebeneintragung unter einem Schlagwort - Geografischer Name
Geografischer Name Sibirien
710 2# - Nebeneintragung - Körperschaftsname
Körperschafts- oder Gebietskörperschaftsname als Eintragungselement Ural'skij gos. universitet
710 2# - Nebeneintragung - Körperschaftsname
Körperschafts- oder Gebietskörperschaftsname als Eintragungselement Omskij gos. universitet
942 ## - Zusätzliche Felder (Koha)
Koha-Medientyp Monographien
Exemplare
Ausgeschieden Verloren Klassifikation oder Aufstellungssystematik Beschädigt Nicht entleihbar Heimatbibliothek Aufenthaltsbibliothek Aufstellungsort Erwerbungsdatum Inventarnummer Signatur Barcode Letzte Aktivität Preis gültig von Koha-Medientyp
    Andere/Generische Klassifikation     MWN Osteuropa MWN Osteuropa Magazin - 2 02/02/2009 09-00335 R 62 f Ryz E0040150790851D1 23/02/2021 22/03/2021 Monographien